<?xml version="1.0" encoding="UTF-8"?>
<record
    xmlns:xsi="http://www.w3.org/2001/XMLSchema-instance"
    xsi:schemaLocation="http://www.loc.gov/MARC21/slim http://www.loc.gov/standards/marcxml/schema/MARC21slim.xsd"
    xmlns="http://www.loc.gov/MARC21/slim">

  <leader>04654nam a2200481 a 4500</leader>
  <controlfield tag="001">dia_3664</controlfield>
  <controlfield tag="003">CHAP</controlfield>
  <controlfield tag="005">20250227134858.0</controlfield>
  <controlfield tag="007">ta</controlfield>
  <controlfield tag="008">220601s2006    mx ado frm    001 0 spa d</controlfield>
  <datafield tag="040" ind1=" " ind2=" ">
    <subfield code="a">mxchpua</subfield>
    <subfield code="c">CHAP</subfield>
    <subfield code="e">rda</subfield>
  </datafield>
  <datafield tag="041" ind1="0" ind2=" ">
    <subfield code="a">spa</subfield>
    <subfield code="b">eng</subfield>
  </datafield>
  <datafield tag="090" ind1=" " ind2=" ">
    <subfield code="a">Tesis </subfield>
    <subfield code="b">V37 </subfield>
    <subfield code="c">2006</subfield>
  </datafield>
  <datafield tag="100" ind1="1" ind2=" ">
    <subfield code="a">V&#xE1;squez Soriano, Ver&#xF3;nica Marcela</subfield>
  </datafield>
  <datafield tag="240" ind1="1" ind2="0">
    <subfield code="a">Industrialization (confectionary) of the pumpkin (Curcubita pepo L.).</subfield>
    <subfield code="l">Espa&#xF1;ol</subfield>
  </datafield>
  <datafield tag="245" ind1="1" ind2="0">
    <subfield code="a">Alternativas de industrializaci&#xF3;n (confiter&#xED;a) de la calabaza (Cucurbita pepo L.) /</subfield>
    <subfield code="c">Ver&#xF3;nica Marcela V&#xE1;squez Soriano</subfield>
  </datafield>
  <datafield tag="264" ind1=" " ind2=" ">
    <subfield code="a">Chapingo, M&#xE9;xico :</subfield>
    <subfield code="b">El autor,</subfield>
    <subfield code="c">2006</subfield>
  </datafield>
  <datafield tag="300" ind1=" " ind2=" ">
    <subfield code="a">vi, 175 hojas :</subfield>
    <subfield code="b">ilustraciones, gr&#xE1;ficas, diagramas, tablas, fotos</subfield>
  </datafield>
  <datafield tag="336" ind1=" " ind2=" ">
    <subfield code="2">rdacontent</subfield>
    <subfield code="a">texto</subfield>
    <subfield code="b">txt</subfield>
  </datafield>
  <datafield tag="337" ind1=" " ind2=" ">
    <subfield code="2">rdamedia</subfield>
    <subfield code="a">no mediado</subfield>
    <subfield code="b">n</subfield>
  </datafield>
  <datafield tag="338" ind1=" " ind2=" ">
    <subfield code="2">rdacarrier</subfield>
    <subfield code="a">volumen</subfield>
    <subfield code="b">nc</subfield>
  </datafield>
  <datafield tag="502" ind1=" " ind2=" ">
    <subfield code="a">Tesis </subfield>
    <subfield code="b">(Ingeniero Agroindustrial) --</subfield>
    <subfield code="c">UACh. Departamento de Ingenieria Agroindustrial,</subfield>
    <subfield code="d">2006</subfield>
  </datafield>
  <datafield tag="504" ind1=" " ind2=" ">
    <subfield code="a">Bibliograf&#xED;a: hojas 94-100</subfield>
  </datafield>
  <datafield tag="520" ind1="3" ind2=" ">
    <subfield code="a">Del fruto maduro de la calabaza, las semillas tienen mayor importancia econ&#xF3;mica que la pulpa (generalmente utilizada como forraje constituye el desecho). Una alternativa para el aprovechamiento integral de este fruto es la capacitaci&#xF3;n y difusi&#xF3;n de los productos que se elaboran con &#xE9;ste, con esta finalidad se realiz&#xF3; esta investigaci&#xF3;n. Para ello se hizo fase de gabinete: investigaci&#xF3;n documental sobre el tema. Fase de laboratorio: estandarizaci&#xF3;n de los procesos de elaboraci&#xF3;n de dulces con la calabaza. La formulaci&#xF3;n id&#xF3;nea para cada producto, se seleccion&#xF3; a trav&#xE9;s de una valoraci&#xF3;n cualitativa de 6 personas que degustaron los productos. Para el jamoncillo se aplic&#xF3; una prueba de preferencia por ordenamiento. Fase de campo: validaci&#xF3;n de los manuales, consisti&#xF3; en una autoevaluaci&#xF3;n del nivel de aprendizaje adquirido por los participantes en la capacitaci&#xF3;n en Tlaxcala. Se obtuvieron 6 diferentes dulces del fruto maduro de la calabaza (jamoncillo de pepita, pepitas garapi&#xF1;adas, palanqueta de pepitas, mermelada de calabaza, calabaza cristalizada y calabaza achicalada) y 5 manuales de procesos para elaborar estos dulces. La evaluaci&#xF3;n de estos documentos evidenci&#xF3; que no eran 100% entendibles para un p&#xFA;blico en general, por lo que se mejoraron. La validaci&#xF3;n permiti&#xF3; obtener manuales mejorados que cumplieran con las necesidades de capacitaci&#xF3;n de un grupo de demandantes de &#xE9;stas tecnolog&#xED;as. --</subfield>
  </datafield>
  <datafield tag="520" ind1="3" ind2=" ">
    <subfield code="a">The seeds of the ripe fruit of the pumpkin have greater economic importance than the pulp, which used generally as forage, constitutes the waste. An alternative to make the most out of this fruit is the training in the fruit processing and diffusion of the products elaborated with it. This was the purpose of this investigation. First, a phase of cabinet was carried out: a documentary research on the subject. Then came the phase of laboratory: processes standardization candy elaboration with the pumpkin. The suitable formulation for each product was selected through a qualitative evaluation made by six people who tasted the products. A test of preference by ordering was applied regarding jamoncillo. Finally, the field phase was carried out. It was a validation of the fruit processing. It consisted of a self evaluation about the level of learning acquired by the training in the participants in the state of Tlaxcala. Six different kinds of candies from the ripe pumpkin fruit (jamoncillo of dried pumpkin seeds, garapi&#xF1;adas dried pumpkin seeds, brittle dried pumpkin seeds, pumpkin jam, crystallized pumpkin and achicalada pumpkin) and five to manuals to elaborate these candies were finally obtained. The evaluation of these manuals demonstrated that they were not 100% understandable for people in general; so they were improved. This validation mades possible to obtain improved manual improved the training needs of a group of people who required. </subfield>
  </datafield>
  <datafield tag="650" ind1="1" ind2="3">
    <subfield code="a">Calabaza confitera</subfield>
    <subfield code="x">Golosinas</subfield>
    <subfield code="2">atg</subfield>
  </datafield>
  <datafield tag="650" ind1="1" ind2="3">
    <subfield code="a">Productos frutales  </subfield>
    <subfield code="2">atg</subfield>
  </datafield>
  <datafield tag="650" ind1="1" ind2="3">
    <subfield code="a">Compotas de fruta</subfield>
    <subfield code="2">atg</subfield>
  </datafield>
  <datafield tag="650" ind1="1" ind2="3">
    <subfield code="a">Winter squashes</subfield>
    <subfield code="x">Candy</subfield>
    <subfield code="2">atg</subfield>
  </datafield>
  <datafield tag="650" ind1="1" ind2="3">
    <subfield code="a">Fruit products</subfield>
    <subfield code="2">atg</subfield>
  </datafield>
  <datafield tag="650" ind1="1" ind2="3">
    <subfield code="a">Fruit compotes</subfield>
    <subfield code="2">atg</subfield>
  </datafield>
  <datafield tag="700" ind1="1" ind2=" ">
    <subfield code="a">Hern&#xE1;ndez Montes, Arturo</subfield>
    <subfield code="e">director</subfield>
  </datafield>
  <datafield tag="700" ind1="1" ind2=" ">
    <subfield code="a">Esparza Torres, F&#xE9;lix</subfield>
    <subfield code="e">asesor</subfield>
  </datafield>
  <datafield tag="700" ind1="1" ind2=" ">
    <subfield code="a">Ram&#xED;rez Sep&#xFA;lveda, Marco Favio</subfield>
    <subfield code="e">asesor</subfield>
  </datafield>
  <datafield tag="856" ind1="4" ind2="1">
    <subfield code="u">http://10.13.5.2/tesis/104855.pdf</subfield>
    <subfield code="y">DESCARGAR PDF</subfield>
  </datafield>
  <datafield tag="901" ind1=" " ind2=" ">
    <subfield code="a">TESIS V37 2006</subfield>
  </datafield>
  <datafield tag="902" ind1=" " ind2=" ">
    <subfield code="a">M</subfield>
  </datafield>
  <datafield tag="905" ind1=" " ind2=" ">
    <subfield code="a">0000002006                          mx     0000000000spa00</subfield>
  </datafield>
  <datafield tag="942" ind1=" " ind2=" ">
    <subfield code="c">TESIS</subfield>
    <subfield code="2">Clasificaci&#xF3;n Universidad Aut&#xF3;noma Chapingo</subfield>
  </datafield>
  <datafield tag="999" ind1=" " ind2=" ">
    <subfield code="c">209375</subfield>
    <subfield code="d">209375</subfield>
  </datafield>
  <datafield tag="952" ind1=" " ind2=" ">
    <subfield code="0">0</subfield>
    <subfield code="1">0</subfield>
    <subfield code="2">local</subfield>
    <subfield code="4">0</subfield>
    <subfield code="5">1</subfield>
    <subfield code="7">0</subfield>
    <subfield code="8">TESIS</subfield>
    <subfield code="a">IA_</subfield>
    <subfield code="b">IA_</subfield>
    <subfield code="d">2022-06-01</subfield>
    <subfield code="e">El autor</subfield>
    <subfield code="l">0</subfield>
    <subfield code="o">Tesis V37 2006</subfield>
    <subfield code="p">1101015341</subfield>
    <subfield code="r">2026-02-02 00:00:00</subfield>
    <subfield code="t">Ej. 1</subfield>
    <subfield code="y">TESIS</subfield>
  </datafield>
  <datafield tag="952" ind1=" " ind2=" ">
    <subfield code="0">0</subfield>
    <subfield code="1">0</subfield>
    <subfield code="2">local</subfield>
    <subfield code="4">0</subfield>
    <subfield code="5">5</subfield>
    <subfield code="7">0</subfield>
    <subfield code="8">TESIS</subfield>
    <subfield code="a">IA_</subfield>
    <subfield code="b">IA_</subfield>
    <subfield code="d">2025-02-27</subfield>
    <subfield code="e">El autor</subfield>
    <subfield code="l">0</subfield>
    <subfield code="o">Tesis V37 2006</subfield>
    <subfield code="p">1101015342</subfield>
    <subfield code="r">2026-02-02 00:00:00</subfield>
    <subfield code="t">Ej. 2</subfield>
    <subfield code="w">2025-02-27</subfield>
    <subfield code="y">TESIS</subfield>
  </datafield>
  <datafield tag="952" ind1=" " ind2=" ">
    <subfield code="0">0</subfield>
    <subfield code="1">0</subfield>
    <subfield code="2">local</subfield>
    <subfield code="4">0</subfield>
    <subfield code="7">0</subfield>
    <subfield code="8">TesDigL</subfield>
    <subfield code="a">IA_</subfield>
    <subfield code="b">IA_</subfield>
    <subfield code="c">E_L</subfield>
    <subfield code="d">2025-02-27</subfield>
    <subfield code="e">El autor</subfield>
    <subfield code="l">0</subfield>
    <subfield code="p">1201015341</subfield>
    <subfield code="r">2025-02-27 13:51:27</subfield>
    <subfield code="w">2025-02-27</subfield>
    <subfield code="y">TD</subfield>
  </datafield>
</record>
